000 00267nam a2200121Ia 4500
008 191201s2004 xx 000 0 und d
100 _aRAJ, Prriya
245 0 _aCorporate Cartoons
260 _aN.Delhi
_bORP
_c2004
300 _a96
650 _aMBA
942 _2ddc
_cBK
999 _c2894
_d2894